[Event "SVK-chT 2324"]
[Site "Slovakia"]
[Date "2024.01.21"]
[Round "6.3"]
[White "Toth, Ervin"]
[Black "Plachetka, Jan"]
[Result "1-0"]
[WhiteElo "2419"]
[BlackElo "2284"]
[PlyCount "95"]
[EventDate "2023.11.04"]
[EventType "team-tourn"]
[EventRounds "11"]
[EventCountry "SVK"]
[SourceTitle "CB04_2024"]
[SourceDate "2023.10.16"]
[SourceVersion "1"]
[SourceVersionDate "2023.10.16"]
[SourceQuality "1"]
[WhiteTeam "Cebovce"]
[BlackTeam "Osuske"]
[WhiteTeamCountry "SVK"]
[BlackTeamCountry "SVK"]

1. d4 Nf6 2. c4 e6 3. Nc3 Bb4 4. f3 d5 5. a3 Bxc3+ 6. bxc3 0-0 7. cxd5 exd5 8. e3 c5 9. Bd3 b6 10. Ne2 Ba6 11. 0-0 Bxd3 12. Qxd3 Re8 13. Ng3 Nc6 14. Bb2 Na5 15. Rad1 Qc7 16. e4 Rac8 17. e5 Nd7 18. Rf2 g6 19. f4 cxd4 20. cxd4 Qc4 21. Qf3 f5 22. Nf1 Qb3 23. Qxb3 Nxb3 24. Ne3 Nf6 25. Rd3 Nc1 26. Bxc1 Rxc1+ 27. Rf1 Rxf1+ 28. Kxf1 Nh5 29. g3 Rd8 30. Rc3 Ng7 31. Rc6 Rd7 32. g4 fxg4 33. Nxg4 Nh5 34. Kf2 Kf8 35. Nf6 Nxf6 36. Rxf6+ Rf7 37. Rd6 Rxf4+ 38. Ke3 Rh4 39. Rxd5 Ke7 40. Rd6 Rxh2 41. Rc6 Rh3+ 42. Ke4 Rxa3 43. Rc7+ Kd8 44. Rxh7 b5 45. e6 b4 46. d5 Ra6 47. Ke5 Ra5 48. Rb7 1-0

[Event "WchT Seniors 65"]
[Site "Struga"]
[Date "2023.09.27"]
[Round "8.2"]
[White "Plachetka, Jan"]
[Black "Birnboim, Nathan"]
[Result "1/2-1/2"]
[WhiteElo "2289"]
[BlackElo "2346"]
[PlyCount "37"]
[EventDate "2023.09.19"]
[EventType "team-swiss"]
[EventRounds "9"]
[EventCountry "MKD"]
[SourceTitle "EXT 2024"]
[Source "ChessBase"]
[SourceDate "2023.10.10"]
[SourceVersion "1"]
[SourceVersionDate "2023.10.10"]
[SourceQuality "1"]
[WhiteTeam "Slovakia 65"]
[BlackTeam "Israel 65"]
[WhiteTeamCountry "SVK"]
[BlackTeamCountry "ISR"]

1. d4 Nf6 2. Nf3 g6 3. Bg5 Bg7 4. Nbd2 d5 5. e3 0-0 6. Bd3 c5 7. c3 c4 8. Bc2 Nc6 9. 0-0 b5 10. h3 Be6 11. Bh4 h6 12. Ne5 Nxe5 13. dxe5 Nd7 14. f4 Nc5 15. Nf3 Qd7 16. Nd4 Ne4 17. g4 f5 18. Kh2 fxg4 19. Bxe4 1/2-1/2

[Event "WchT Seniors 65"]
[Site "Struga"]
[Date "2023.09.23"]
[Round "5.2"]
[White "Plachetka, Jan"]
[Black "Binham, Timothy F"]
[Result "1/2-1/2"]
[WhiteElo "2289"]
[BlackElo "2280"]
[PlyCount "25"]
[EventDate "2023.09.19"]
[EventType "team-swiss"]
[EventRounds "9"]
[EventCountry "MKD"]
[SourceTitle "EXT 2024"]
[Source "ChessBase"]
[SourceDate "2023.10.10"]
[SourceVersion "1"]
[SourceVersionDate "2023.10.10"]
[SourceQuality "1"]
[WhiteTeam "Slovakia 65"]
[BlackTeam "Finland 65"]
[WhiteTeamCountry "SVK"]
[BlackTeamCountry "FIN"]

1. e4 Nf6 2. e5 Nd5 3. d4 d6 4. Nf3 Bg4 5. Be2 e6 6. h3 Bh5 7. c3 Nc6 8. 0-0 Be7 9. Re1 0-0 10. Qb3 Qc8 11. a4 dxe5 12. dxe5 b6 13. Na3 1/2-1/2

[Event "SVK-chT 2223"]
[Site "Slovakia"]
[Date "2023.02.25"]
[Round "7.2"]
[White "Jakab, Bela"]
[Black "Plachetka, Jan"]
[Result "1-0"]
[WhiteElo "2353"]
[BlackElo "2306"]
[PlyCount "103"]
[EventDate "2022.10.22"]
[EventType "team-tourn"]
[EventRounds "11"]
[EventCountry "SVK"]
[SourceTitle "EXT 2024"]
[Source "ChessBase"]
[SourceDate "2023.10.10"]
[SourceVersion "1"]
[SourceVersionDate "2023.10.10"]
[SourceQuality "1"]
[WhiteTeam "Komarno"]
[BlackTeam "Osuske"]
[WhiteTeamCountry "SVK"]
[BlackTeamCountry "SVK"]

1. e4 c5 2. c3 d5 3. exd5 Qxd5 4. Nf3 Nc6 5. d4 Bg4 6. Be2 e6 7. 0-0 Nf6 8. Be3 cxd4 9. cxd4 Be7 10. Nc3 Qd6 11. Nb5 Qb8 12. Ne5 Nxe5 13. dxe5 Bxe2 14. Qxe2 Nd5 15. Bd4 0-0 16. f4 a6 17. Nc3 Nxc3 18. bxc3 Qc8 19. Qe4 Qc6 20. Qxc6 bxc6 21. Kf2 Rfd8 22. Ke2 Rab8 23. Rab1 Rb5 24. a4 Rbb8 25. Ba7 Ra8 26. Rb7 Kf8 27. Rfb1 Ke8 28. Rc7 Rd7 29. Rxd7 Kxd7 30. Rb7+ Ke8 31. Bb6 a5 32. Kd3 Ra6 33. Kc4 h5 34. Bc7 g5 35. g3 gxf4 36. gxf4 f5 37. Bd6 Bd8 38. Bc5 Ra8 39. Bd6 Ra6 40. Kc5 Bh4 41. Rh7 Bf2+ 42. Kc4 Be3 43. Re7+ Kd8 44. Rxe6 Bxf4 45. h3 Bg3 46. Rf6 h4 47. Rxf5 Kd7 48. Rf7+ Ke6 49. Rf6+ Kd7 50. Kd4 Bh2 51. Bc5 Bg1+ 52. Kc4 1-0

[Event "EU-chT Seniors 50"]
[Site "Dresden"]
[Date "2022.11.03"]
[Round "8.3"]
[White "Plachetka, Jan"]
[Black "Maier, Christian"]
[Result "1/2-1/2"]
[WhiteElo "2306"]
[BlackElo "2304"]
[PlyCount "37"]
[EventDate "2022.10.27"]
[EventType "team-swiss"]
[EventRounds "9"]
[EventCountry "GER"]
[SourceTitle "EXT 2024"]
[Source "ChessBase"]
[SourceDate "2023.10.10"]
[SourceVersion "1"]
[SourceVersionDate "2023.10.10"]
[SourceQuality "1"]
[WhiteTeam "Slovakia 50"]
[BlackTeam "Germany 50"]
[WhiteTeamCountry "SVK"]
[BlackTeamCountry "GER"]

1. d4 Nf6 2. Nf3 e6 3. g3 c5 4. Bg2 cxd4 5. Nxd4 Nc6 6. 0-0 d5 7. c4 Qb6 8. Nxc6 bxc6 9. Qc2 Be7 10. Nc3 0-0 11. Na4 Qa6 12. Be3 Rd8 13. Rfd1 Bd7 14. Bc5 Bxc5 15. Nxc5 Qb6 16. cxd5 cxd5 17. Nxd7 Rxd7 18. Rac1 Rad8 19. b3 1/2-1/2

[Event "EU-chT Seniors 50"]
[Site "Dresden"]
[Date "2022.11.02"]
[Round "7.3"]
[White "Raitza, Olaf"]
[Black "Plachetka, Jan"]
[Result "1/2-1/2"]
[WhiteElo "2257"]
[BlackElo "2306"]
[PlyCount "133"]
[EventDate "2022.10.27"]
[EventType "team-swiss"]
[EventRounds "9"]
[EventCountry "GER"]
[SourceTitle "EXT 2024"]
[Source "ChessBase"]
[SourceDate "2023.10.10"]
[SourceVersion "1"]
[SourceVersionDate "2023.10.10"]
[SourceQuality "1"]
[WhiteTeam "Berlin 50 II"]
[BlackTeam "Slovakia 50"]
[WhiteTeamCountry "GER"]
[BlackTeamCountry "SVK"]

1. e4 c5 2. d4 cxd4 3. c3 Nf6 4. e5 Nd5 5. cxd4 e6 6. Nc3 Nxc3 7. bxc3 Qc7 8. Bd2 b6 9. Bd3 Ba6 10. Qe2 Bxd3 11. Qxd3 Nc6 12. Nf3 Rc8 13. 0-0 d5 14. exd6 Bxd6 15. c4 Ne7 16. Rac1 0-0 17. Ng5 Ng6 18. g3 Rfd8 19. Qf3 h6 20. Ne4 Be7 21. Be3 f5 22. Qh5 Kh7 23. Nd2 f4 24. gxf4 Nxf4 25. Qf3 Rf8 26. Qe4+ Kh8 27. Kh1 Qc6 28. f3 Bd6 29. Rce1 b5 30. c5 Bb8 31. Rg1 Qd5 32. Bxf4 Bxf4 33. Nb3 Rf6 34. Qxd5 exd5 35. Re7 g5 36. Rge1 a5 37. R1e6 Rxe6 38. Rxe6 a4 39. Na5 b4 40. Rxh6+ Kg7 41. Rb6 Ra8 42. Nc6 b3 43. axb3 a3 44. Nb4 a2 45. Nxa2 Rxa2 46. b4 Rxh2+ 47. Kg1 Rb2 48. Kf1 Be3 49. c6 Bxd4 50. c7 Rc2 51. Rb7 Kf6 52. b5 Ke5 53. b6 Bxb6 54. Rxb6 Rxc7 55. Ke2 Ra7 56. Rg6 Ra2+ 57. Kd3 Ra3+ 58. Ke2 Kf4 59. Rf6+ Ke5 60. Rg6 Kd4 61. Rxg5 Re3+ 62. Kf2 Re8 63. f4 Ke4 64. Re5+ Rxe5 65. fxe5 Kxe5 66. Ke3 d4+ 67. Kd3 1/2-1/2

[Event "SVK-chT2A 2223"]
[Site "Slovakia"]
[Date "2022.10.09"]
[Round "2.1"]
[White "Bochnicka, Vladimir1111"]
[Black "Plachetka, Jan"]
[Result "1/2-1/2"]
[WhiteElo "2339"]
[BlackElo "2306"]
[PlyCount "77"]
[EventDate "2022.10.08"]
[EventType "team-tourn"]
[EventRounds "11"]
[EventCountry "SVK"]
[SourceTitle "CBM 210 Extra"]
[Source "ChessBase"]
[SourceDate "2022.11.30"]
[SourceVersion "1"]
[SourceVersionDate "2022.11.30"]
[SourceQuality "1"]
[WhiteTeam "Bratislava Doprastav II"]
[BlackTeam "Trnava Lokomotiva"]
[WhiteTeamCountry "SVK"]
[BlackTeamCountry "SVK"]

1. e4 d6 2. d4 Nf6 3. Nc3 e5 4. Nge2 Be7 5. g3 Bg4 6. Bg2 exd4 7. Qxd4 Nc6 8. Qa4 0-0 9. h3 Bd7 10. 0-0 a6 11. Qc4 Ne5 12. Qb3 b5 13. Nd5 Nxd5 14. Qxd5 c5 15. b3 Bc6 16. Qd2 Bf6 17. Bb2 Nf3+ 18. Bxf3 Bxb2 19. Rad1 Be5 20. Bg2 Qe8 21. Rfe1 Rd8 22. Qa5 g6 23. Nc3 Bd4 24. Nd5 Bxd5 25. exd5 Qd7 26. Qxa6 Ra8 27. Qc6 Qf5 28. Qxd6 Bxf2+ 29. Kh2 Bxe1 30. Rxe1 Qxc2 31. Qc6 Rxa2 32. d6 Rd8 33. Re8+ Rxe8 34. Qxe8+ Kg7 35. Qe5+ Kg8 36. Qe8+ Kg7 37. Qe5+ Kh6 38. Qf4+ Kg7 39. Qe5+ 1/2-1/2

[Event "Piestany Augustus Cup"]
[Site "Piestany"]
[Date "2022.07.15"]
[Round "5"]
[White "Aradhya, Garg"]
[Black "Plachetka, Jan"]
[Result "1/2-1/2"]
[WhiteElo "2134"]
[BlackElo "2353"]
[PlyCount "76"]
[EventDate "2022.07.15"]
[EventType "swiss (rapid)"]
[EventRounds "7"]
[EventCountry "SVK"]
[SourceTitle "CBM 209 Extra"]
[Source "ChessBase"]
[SourceDate "2022.09.30"]
[SourceVersion "1"]
[SourceVersionDate "2022.09.30"]
[SourceQuality "1"]

1. d4 Nf6 2. c4 c5 3. dxc5 e6 4. Be3 Na6 5. Nc3 Bxc5 6. Bxc5 Nxc5 7. Nf3 0-0 8. e3 Qa5 9. Nd2 Nce4 10. Ncxe4 Nxe4 11. Bd3 Nxd2 12. Qxd2 Qxd2+ 13. Kxd2 b6 14. a4 Bb7 15. f3 Rfd8 16. Rhc1 a5 17. c5 bxc5 18. Rxc5 Bc6 19. Bb5 Bxb5 20. Rxb5 Rdb8 21. Ra3 Kf8 22. Rab3 Rc8 23. Rb7 Ke7 24. e4 Ra6 25. R3b6 Rxb6 26. Rxb6 Rc5 27. b4 axb4 28. Rxb4 Kd6 29. Rd4+ Kc6 30. Kd3 d5 31. exd5+ exd5 32. h4 h5 33. Rf4 f6 34. g4 hxg4 35. Rxg4 Ra5 36. Rxg7 Rxa4 37. Rg4 Ra3+ 38. Ke2 Kd6 1/2-1/2

[Event "Piestany Augustus Cup"]
[Site "Piestany"]
[Date "2022.07.15"]
[Round "6"]
[White "Plachetka, Jan"]
[Black "Dixit, Nikhil"]
[Result "0-1"]
[WhiteElo "2353"]
[BlackElo "2027"]
[PlyCount "50"]
[EventDate "2022.07.15"]
[EventType "swiss (rapid)"]
[EventRounds "7"]
[EventCountry "SVK"]
[SourceTitle "CBM 209 Extra"]
[Source "ChessBase"]
[SourceDate "2022.09.30"]
[SourceVersion "1"]
[SourceVersionDate "2022.09.30"]
[SourceQuality "1"]

1. d4 Nf6 2. Nf3 g6 3. Bg5 Bg7 4. Nbd2 d5 5. e3 0-0 6. Bd3 Nbd7 7. 0-0 h6 8. Bh4 a5 9. h3 a4 10. a3 Qe8 11. c3 e5 12. Bb5 c6 13. Bxa4 e4 14. Ne1 Nh5 15. Bb3 b5 16. Nc2 f5 17. Nb4 Nb6 18. f4 exf3 19. Qxf3 g5 20. Be1 g4 21. hxg4 fxg4 22. Qe2 Nf4 23. Qd1 Qxe3+ 24. Bf2 Ne2+ 25. Kh1 Rxf2 0-1

[Event "AUT-chT2O 2122"]
[Site "Austria"]
[Date "2022.02.26"]
[Round "6.3"]
[White "Plachetka, Jan"]
[Black "Poecksteiner, Johann"]
[Result "1-0"]
[WhiteElo "2299"]
[BlackElo "2155"]
[PlyCount "87"]
[EventDate "2021.10.16"]
[EventType "team-tourn"]
[EventRounds "11"]
[EventCountry "AUT"]
[SourceTitle "EXT 2023"]
[Source "ChessBase"]
[SourceDate "2022.10.05"]
[SourceVersion "1"]
[SourceVersionDate "2022.10.05"]
[SourceQuality "1"]
[WhiteTeam "Bad Voeslau"]
[BlackTeam "Wien Austria"]
[WhiteTeamCountry "AUT"]
[BlackTeamCountry "AUT"]

1. e4 d5 2. exd5 Qxd5 3. Nc3 Qa5 4. Bc4 Nf6 5. Nf3 Bg4 6. h3 Qh5 7. Be2 Nc6 8. d4 0-0-0 9. Be3 e5 10. d5 Bb4 11. 0-0 Bxc3 12. hxg4 Nxg4 13. bxc3 e4 14. Bf4 exf3 15. Bxf3 f5 16. dxc6 Rxd1 17. cxb7+ Kb8 18. Rfxd1 g5 19. Be5 Qe8 20. Bxh8 Qxh8 21. Rd4 Ne5 22. Be2 Kxb7 23. Rb1+ Kc6 24. Rb5 g4 25. Rdd5 Nd7 26. Rxf5 g3 27. fxg3 Qxc3 28. Bf3+ Kd6 29. Rbd5+ Ke7 30. Rf4 c6 31. Re4+ Kd8 32. Rd3 Qc5+ 33. Kh2 Kc7 34. Rde3 Qxc2 35. Re7 Qg6 36. R3e6 Qf5 37. Bxc6 Qh5+ 38. Kg1 Qc5+ 39. Kh2 Qh5+ 40. Kg1 Qc5+ 41. Kf1 Qc4+ 42. Kf2 Qxa2+ 43. Kg1 Qa1+ 44. Kh2 1-0

[Event "SVK-chT 2122"]
[Site "Slovakia"]
[Date "2022.02.20"]
[Round "4.4"]
[White "Plachetka, Jan"]
[Black "Hrabusa, Matej"]
[Result "1/2-1/2"]
[WhiteElo "2299"]
[BlackElo "2363"]
[PlyCount "25"]
[EventDate "2021.10.23"]
[EventType "team-tourn"]
[EventRounds "11"]
[EventCountry "SVK"]
[SourceTitle "EXT 2023"]
[Source "ChessBase"]
[SourceDate "2022.10.05"]
[SourceVersion "1"]
[SourceVersionDate "2022.10.05"]
[SourceQuality "1"]
[WhiteTeam "Osuske"]
[BlackTeam "Liptov Chess School"]
[WhiteTeamCountry "SVK"]
[BlackTeamCountry "SVK"]

1. d4 d5 2. c4 c6 3. Nf3 Nf6 4. cxd5 cxd5 5. Nc3 Nc6 6. Bf4 a6 7. e3 Bf5 8. Bd3 Bxd3 9. Qxd3 e6 10. 0-0 Be7 11. h3 0-0 12. Rac1 Rc8 13. a3 1/2-1/2

[Event "SVK-chT 2122"]
[Site "Slovakia"]
[Date "2022.02.19"]
[Round "3.3"]
[White "Mikrut, Dariusz"]
[Black "Plachetka, Jan"]
[Result "1/2-1/2"]
[WhiteElo "2379"]
[BlackElo "2299"]
[PlyCount "122"]
[EventDate "2021.10.23"]
[EventType "team-tourn"]
[EventRounds "11"]
[EventCountry "SVK"]
[SourceTitle "EXT 2023"]
[Source "ChessBase"]
[SourceDate "2022.10.05"]
[SourceVersion "1"]
[SourceVersionDate "2022.10.05"]
[SourceQuality "1"]
[WhiteTeam "Prakovce"]
[BlackTeam "Osuske"]
[WhiteTeamCountry "SVK"]
[BlackTeamCountry "SVK"]

1. d4 Nf6 2. Nf3 g6 3. c4 Bg7 4. Nc3 d5 5. cxd5 Nxd5 6. e4 Nxc3 7. bxc3 c5 8. h3 Nc6 9. Be3 Qa5 10. Bd2 0-0 11. Bc4 b5 12. Bd5 Bb7 13. 0-0 e6 14. Bb3 Qc7 15. d5 exd5 16. Bxd5 Na5 17. Bxb7 Qxb7 18. Qc2 Nc4 19. Bf4 Rfe8 20. Rfe1 b4 21. e5 Na3 22. Qa4 Qb5 23. Qxb5 Nxb5 24. cxb4 cxb4 25. Rac1 Rac8 26. Ra1 Ra8 27. Rac1 Rac8 28. Bd2 a5 29. Kf1 Na3 30. Re4 Rxc1+ 31. Bxc1 Nb5 32. Rc4 Bf8 33. Bd2 Rb8 34. Ng5 Na3 35. Rc7 Bh6 36. e6 fxe6 37. Nxh7 Bg7 38. Ng5 Nb5 39. Rc5 Bf8 40. Rc4 Na3 41. Rc6 Bh6 42. Rxe6 Bxg5 43. Rxg6+ Kf7 44. Rxg5 a4 45. Bc1 Nb1 46. Rc5 Nc3 47. a3 Rd8 48. Re5 b3 49. Re1 Nd1 50. Ke2 b2 51. Bxb2 Nxb2 52. Rb1 Nc4 53. Rb4 Nxa3 54. Rxa4 Nb5 55. Rf4+ Kg6 56. g3 Nd4+ 57. Ke3 Ne6 58. Rc4 Ng5 59. Rc6+ Kg7 60. Rc7+ Kg6 61. Rc6+ Kg7 1/2-1/2

[Event "SVK-chT 2122"]
[Site "Slovakia"]
[Date "2021.10.24"]
[Round "2.2"]
[White "Plachetka, Jan"]
[Black "Zetocha, Claudiu"]
[Result "1-0"]
[WhiteElo "2299"]
[BlackElo "2288"]
[PlyCount "65"]
[EventDate "2021.10.23"]
[EventType "team-tourn"]
[EventRounds "11"]
[EventCountry "SVK"]
[SourceTitle "CBM 204 Extra"]
[Source "ChessBase"]
[SourceDate "2021.11.30"]
[SourceVersion "1"]
[SourceVersionDate "2021.11.30"]
[SourceQuality "1"]
[WhiteTeam "Osuske"]
[BlackTeam "Bratislava Slovan"]
[WhiteTeamCountry "SVK"]
[BlackTeamCountry "SVK"]

1. e4 e5 2. Nf3 Nc6 3. Bb5 a6 4. Ba4 Nf6 5. 0-0 Be7 6. Re1 b5 7. Bb3 d6 8. c3 0-0 9. h3 Na5 10. Bc2 c5 11. d4 Nd7 12. Nbd2 exd4 13. cxd4 Nc6 14. Nf1 cxd4 15. Nxd4 Nxd4 16. Qxd4 Nc5 17. Ng3 Bf6 18. e5 Re8 19. Bf4 dxe5 20. Bxe5 Bxe5 21. Rxe5 Nd7 22. Bxh7+ Kh8 23. Rxe8+ Qxe8 24. Qh4 g5 25. Qh6 Qf8 26. Qc6 Rb8 27. Bf5 Rb6 28. Qc7 Rb7 29. Qc3+ f6 30. Rc1 Rb8 31. Qc7 Qe8 32. Ne4 Bb7 33. Nd6 1-0

[Event "EUR-ch Seniors 50"]
[Site "Prague"]
[Date "2021.09.04"]
[Round "6.3"]
[White "Michalek, Jan"]
[Black "Plachetka, Jan"]
[Result "1/2-1/2"]
[WhiteElo "2276"]
[BlackElo "2307"]
[PlyCount "77"]
[EventDate "2021.08.30"]
[EventType "team-tourn"]
[EventRounds "9"]
[EventCountry "CZE"]
[SourceTitle "CBM 204 Extra"]
[Source "ChessBase"]
[SourceDate "2021.11.30"]
[SourceVersion "1"]
[SourceVersionDate "2021.11.30"]
[SourceQuality "1"]
[WhiteTeam "1960 69 50"]
[BlackTeam "Slovakia 50"]
[WhiteTeamCountry "CZE"]
[BlackTeamCountry "SVK"]

1. e4 e5 2. Nf3 Nc6 3. d4 exd4 4. Nxd4 Bc5 5. Nb3 Bb4+ 6. Bd2 Bxd2+ 7. Qxd2 d6 8. Nc3 Nf6 9. 0-0-0 0-0 10. f3 Be6 11. g4 a5 12. Nd4 Nxd4 13. Qxd4 Nd7 14. h4 Qf6 15. Qe3 Ne5 16. Be2 Ng6 17. h5 Qf4 18. Kd2 Qxe3+ 19. Kxe3 Ne7 20. f4 f6 21. a3 Rfd8 22. Bf3 Rab8 23. Nb5 Rdc8 24. b3 Bd7 25. Be2 Kf8 26. a4 Be6 27. Rd2 Nc6 28. Bf3 Nb4 29. Kf2 Ke7 30. Kg3 Na6 31. Rhd1 Rd8 32. Bg2 h6 33. Kf3 Bd7 34. Na3 Nc5 35. Nc4 Bc6 36. Ke3 Bd7 37. Bf3 b6 38. Kf2 Be6 39. Ne3 1/2-1/2

[Event "EUR-ch Seniors 50"]
[Site "Prague"]
[Date "2021.09.02"]
[Round "4.3"]
[White "Plachetka, Jan"]
[Black "Beltz, Martina"]
[Result "1-0"]
[WhiteElo "2307"]
[BlackElo "1922"]
[PlyCount "55"]
[EventDate "2021.08.30"]
[EventType "team-tourn"]
[EventRounds "9"]
[EventCountry "CZE"]
[SourceTitle "CBM 204 Extra"]
[Source "ChessBase"]
[SourceDate "2021.11.30"]
[SourceVersion "1"]
[SourceVersionDate "2021.11.30"]
[SourceQuality "1"]
[WhiteTeam "Slovakia 50"]
[BlackTeam "Germany (Women) 50"]
[WhiteTeamCountry "SVK"]
[BlackTeamCountry "GER"]

1. e4 c5 2. Nf3 d6 3. d4 cxd4 4. Nxd4 Nf6 5. Nc3 e6 6. Bc4 Qc7 7. Bb3 a6 8. 0-0 Be7 9. f4 Nc6 10. Be3 Bd7 11. f5 Nxd4 12. Bxd4 0-0 13. Qd3 e5 14. Be3 Bc6 15. Bg5 Nxe4 16. Bxe7 Qb6+ 17. Kh1 Nf2+ 18. Rxf2 Qxf2 19. Nd5 Rfe8 20. f6 Rac8 21. Rf1 e4 22. Qd1 Qh4 23. fxg7 Rxe7 24. Rf4 Qg5 25. h4 Qe5 26. Nf6+ Kxg7 27. Qg4+ Kh6 28. Rf5 1-0

[Event "EUR-ch Seniors 50"]
[Site "Prague"]
[Date "2021.09.01"]
[Round "3.3"]
[White "Siebenburger, Vlastimil"]
[Black "Plachetka, Jan"]
[Result "0-1"]
[WhiteElo "1975"]
[BlackElo "2307"]
[PlyCount "90"]
[EventDate "2021.08.30"]
[EventType "team-tourn"]
[EventRounds "9"]
[EventCountry "CZE"]
[SourceTitle "CBM 204 Extra"]
[Source "ChessBase"]
[SourceDate "2021.11.30"]
[SourceVersion "1"]
[SourceVersionDate "2021.11.30"]
[SourceQuality "1"]
[WhiteTeam "Vysocina KSS 50"]
[BlackTeam "Slovakia 50"]
[WhiteTeamCountry "CZE"]
[BlackTeamCountry "SVK"]

1. e4 c5 2. Nc3 Nc6 3. g3 g6 4. Bg2 Bg7 5. Nge2 Rb8 6. d3 b5 7. Bf4 d6 8. Qd2 b4 9. Nd1 Bd7 10. c3 bxc3 11. bxc3 Qa5 12. 0-0 Nf6 13. Bh6 0-0 14. Bxg7 Kxg7 15. Qc2 Rfc8 16. Ne3 Qa6 17. f4 Ng4 18. Nxg4 Bxg4 19. h3 Bxe2 20. Qxe2 Qa3 21. Qe1 Rb6 22. e5 Qa6 23. Bxc6 Rcxc6 24. f5 d5 25. fxg6 hxg6 26. Rf3 Rb2 27. Qf1 f5 28. exf6+ exf6 29. a4 Re6 30. Re1 Qd6 31. Rfe3 d4 32. cxd4 cxd4 33. Rf3 Qe7 34. Rxe6 Qxe6 35. Rf2 Qe3 36. Kg2 Rxf2+ 37. Qxf2 Qxd3 38. Qf4 Qc2+ 39. Kg1 d3 40. Qd6 Qd1+ 41. Kg2 Qe2+ 42. Kg1 Qe3+ 43. Kg2 d2 44. Qd7+ Kh6 45. Qg4 f5 0-1

[Event "SVK-chT 1920"]
[Site "Slovakia"]
[Date "2020.09.05"]
[Round "10.8"]
[White "Sobek, Michal"]
[Black "Plachetka, Jan"]
[Result "1/2-1/2"]
[WhiteElo "2082"]
[BlackElo "2298"]
[PlyCount "53"]
[EventDate "2019.10.19"]
[EventType "team-tourn"]
[EventRounds "11"]
[EventCountry "SVK"]
[SourceTitle "EXT 2021"]
[Source "ChessBase"]
[SourceDate "2020.10.23"]
[SourceVersion "1"]
[SourceVersionDate "2020.10.23"]
[SourceQuality "1"]
[WhiteTeam "Modra"]
[BlackTeam "Liptov Chess School"]
[WhiteTeamCountry "SVK"]
[BlackTeamCountry "SVK"]

1. e4 d6 2. d4 Nf6 3. Nc3 e5 4. dxe5 dxe5 5. Qxd8+ Kxd8 6. Nf3 Bd6 7. Bg5 Be6 8. 0-0-0 Nbd7 9. Bh4 h6 10. Bg3 Ke7 11. Nd5+ Bxd5 12. exd5 Ne4 13. Re1 f5 14. Bb5 Nxg3 15. fxg3 Nc5 16. Nxe5 Kf6 17. Nd7+ Nxd7 18. Bxd7 Rad8 19. Bb5 Be5 20. Bc4 Rhe8 21. Ref1 g6 22. Rf3 h5 23. Rhf1 Bd6 24. h3 Kg5 25. Bd3 Re5 26. c4 Rde8 27. Kc2 1/2-1/2

[Event "SVK-chT1W 1920"]
[Site "Slovakia"]
[Date "2020.06.20"]
[Round "10.3"]
[White "Kovac, Andrej"]
[Black "Plachetka, Jan"]
[Result "1-0"]
[WhiteElo "2198"]
[BlackElo "2312"]
[PlyCount "57"]
[EventDate "2019.10.12"]
[EventType "team-tourn"]
[EventRounds "11"]
[EventCountry "SVK"]
[SourceTitle "EXT 2022"]
[Source "ChessBase"]
[SourceDate "2021.10.06"]
[SourceVersion "1"]
[SourceVersionDate "2021.10.06"]
[SourceQuality "1"]
[WhiteTeam "Bratislava Slovan II"]
[BlackTeam "Osuske"]
[WhiteTeamCountry "SVK"]
[BlackTeamCountry "SVK"]

1. b3 g6 2. Bb2 Nf6 3. Nf3 Bg7 4. d3 d6 5. Nbd2 e5 6. e4 0-0 7. Be2 Nh5 8. 0-0 f5 9. d4 fxe4 10. Nxe4 Bf5 11. Ng3 Nxg3 12. hxg3 e4 13. Nh2 d5 14. c4 dxc4 15. Bxc4+ Kh8 16. g4 Bc8 17. Re1 Qh4 18. g3 Qf6 19. Qc2 Nc6 20. Rxe4 Bd7 21. Rae1 Rae8 22. Qd2 Nxd4 23. Bxd4 Qxd4 24. Rxd4 Rxe1+ 25. Nf1 Bc6 26. Rd8 Rxd8 27. Qxd8+ Re8 28. Qxc7 Bd4 29. Qf7 1-0

[Event "AUT-chT 1920"]
[Site "Austria"]
[Date "2020.01.12"]
[Round "8.5"]
[White "Halvax, Georg"]
[Black "Plachetka, Jan"]
[Result "1-0"]
[WhiteElo "2414"]
[BlackElo "2301"]
[PlyCount "69"]
[EventDate "2019.10.10"]
[EventType "team-tourn"]
[EventRounds "11"]
[EventCountry "AUT"]
[SourceTitle "CBM 194 Extra"]
[Source "ChessBase"]
[SourceDate "2020.03.31"]
[SourceVersion "1"]
[SourceVersionDate "2020.03.31"]
[SourceQuality "1"]
[WhiteTeam "Maria Saal"]
[BlackTeam "Bad Voeslau"]
[WhiteTeamCountry "AUT"]
[BlackTeamCountry "AUT"]

1. e4 c5 2. Nf3 e6 3. d4 cxd4 4. Nxd4 Nc6 5. Nc3 d6 6. Be3 Nf6 7. f3 a6 8. Qd2 Be7 9. 0-0-0 h5 10. Kb1 Qc7 11. Qf2 Ne5 12. Nb3 b5 13. h3 Bd7 14. f4 Ng6 15. Bd3 b4 16. Ne2 Bc6 17. Bb6 Qb8 18. e5 Nd5 19. Bd4 a5 20. Bxg6 fxg6 21. exd6 Bxd6 22. Bxg7 Rg8 23. Be5 Bxe5 24. fxe5 Qa7 25. Nbd4 Bd7 26. Rhf1 0-0-0 27. Qg3 a4 28. c4 bxc3 29. Nxc3 Nxc3+ 30. Qxc3+ Kb8 31. Nc6+ Bxc6 32. Qxc6 a3 33. Rd6 Qb7 34. Qxb7+ Kxb7 35. Rf7+ 1-0

[Event "AUT-chT 1920"]
[Site "Austria"]
[Date "2020.01.09"]
[Round "5.5"]
[White "Plachetka, Jan"]
[Black "Moser, Guenter"]
[Result "1-0"]
[WhiteElo "2301"]
[BlackElo "2289"]
[PlyCount "88"]
[EventDate "2019.10.10"]
[EventType "team-tourn"]
[EventRounds "11"]
[EventCountry "AUT"]
[SourceTitle "CBM 194 Extra"]
[Source "ChessBase"]
[SourceDate "2020.03.31"]
[SourceVersion "1"]
[SourceVersionDate "2020.03.31"]
[SourceQuality "1"]
[WhiteTeam "Bad Voeslau"]
[BlackTeam "Ansfelden"]
[WhiteTeamCountry "AUT"]
[BlackTeamCountry "AUT"]

1. d4 f5 2. g3 g6 3. h4 Bg7 4. h5 c5 5. c3 cxd4 6. cxd4 Qb6 7. Nf3 Nc6 8. e3 Nh6 9. Nc3 Ng4 10. Bd2 a6 11. Nd5 Qd8 12. hxg6 h6 13. Qb3 e6 14. Nb6 Rb8 15. d5 Nce5 16. Nxe5 Nxe5 17. Be2 0-0 18. Rc1 Nxg6 19. dxe6 dxe6 20. Nxc8 Rxc8 21. Qxe6+ Kh7 22. Rxc8 Qxc8 23. Qxc8 Rxc8 24. Bd3 Bxb2 25. Ke2 b5 26. Bxf5 Rc6 27. e4 Bg7 28. Rc1 Rxc1 29. Bxc1 Bf6 30. Bd2 Bd8 31. Bc3 a5 32. Bd4 h5 33. f4 Kh6 34. Ke3 b4 35. Bd7 Nf8 36. Be8 Ne6 37. Ba7 Bc7 38. e5 Ng7 39. Bd7 Kg6 40. Ke4 Kf7 41. f5 Ne8 42. e6+ Ke7 43. Bxe8 Kxe8 44. f6 Bd6 1-0